Poemas de Gabriela Mistral

Guardado en:
Bibliografiske detaljer
Hovedforfatter: Mistral, Gabriela
Format: Bog
Sprog:Undetermined
Udgivet: Medellín, Colombia Bedout 1960
Fag:
Tags: Tilføj Tag
Ingen Tags, Vær først til at tagge denne postø!

MARC

LEADER 00000nam a2200000Ia 4500
008 170316s9999 xx 000 0 und d
040 |a cru BVZT 
090 |a 860 M-26p 
100 |a Mistral, Gabriela 
245 |a Poemas de Gabriela Mistral 
260 |a Medellín, Colombia 
260 |b Bedout 
260 |c 1960 
300 |a 40 páginas 
650 |a LITERATURA LATINOAMERICANA 
999 |c 8940  |d 8940 
942 |c 15 D  |h 860 M-26p  |2 z